Szczegóły MARC21

Duden : Bildwörterbuch der deutschen Sprache /

003 -Nazwa inst., której nr kontr. jest w polu 001 [,]
    • @
    • Nazwa instytucji, której n kontrolny jest w polu 001
    • NUKAT
005 -DATA I CZAS OSTATNIEJ MODYFIKACJI [,]
    • @
    • pole kontrolne
    • 20241231092307.0
020 -Międzynarod. znormalizowany nr książki - ISBN [ , ]
    • a
    • Numer ISBN
    • 3411009136 Find
040 -Instytucja sporządzająca opis [ , ]
    • a
    • Instytucja, która sporządziła opis (NP)
    • WA U/70MST
    • c
    • Instytucja, która sporządziła rekord (NP)
    • WA U/MST
    • d
    • Instytucja, która zmodyfikowała rekord (P)
    • WA U/AO
    • d
    • Instytucja, która zmodyfikowała rekord (P)
    • LUBL U/MZs
    • d
    • Instytucja, która zmodyfikowała rekord (P)
    • KAT U/46MM
942 -Rodzaj dokumentu [ , ]
    • c
    • Rodzaj dokumentu
    • Książka
245 -Strefa tytułu i oznaczenia odpowiedzialności [0,0]
    • a
    • Tytuł
    • Duden : Find
    • b
    • Ciąg dalszy tytułu (NP)
    • Bildwörterbuch der deutschen Sprache / Find
    • c
    • Pozostałe elementy strefy tytułu i oznaczenia odpowiedzialności (NP)
    • bearb. von Kurt Dieter Solf und Joachim Schmidt in Zsarb. mit den Fachred. des Bibliographischen Instituts.
246 -Wariant tytułu [1,3]
    • a
    • Tytuł (NP)
    • Bildwörterbuch der deutschen Sprache
250 -Strefa wydania [ , ]
    • a
    • Oznaczenie wydania (NP)
    • 3., vollständig neu bearb. Aufl.
260 -Strefa adresu wydawniczego [ , ]
    • a
    • Miejsce wydania (P)
    • Mannheim :
    • b
    • Nazwa wydawcy (P)
    • Dudenverlag,
    • c
    • Data wydania (P)
    • 1977.
300 -Strefa opisu fizycznego [ , ]
    • a
    • Określenie formy książki i/lub objętość (NP)
    • 672, 112 s. ;
    • c
    • Format (NP)
    • 20 cm.
336 -Typ zawartości [ , ]
    • a
    • Termin opisujący typ zawartości
    • Tekst
    • b
    • Kod określający zawartość
    • txt
    • 2
    • Źródło (terminu i kodu)
    • rdacontent
337 -Typ mediów [ , ]
    • a
    • Tryb odtwarzania
    • Bez urządzenia pośredniczącego
    • b
    • Kod typu mediów
    • n
    • 2
    • Źródło (terminu i kodu)
    • rdamedia
338 -Typ/rodzaj nośnika [ , ]
    • a
    • Hasło opisujące typ nośnika
    • Wolumin
    • b
    • Kod typu nośnika
    • nc
    • 2
    • Źródło (terminu i kodu)
    • rdacarrier
490 -Strefa serii i książki wielotomowej - forma nie do wyszukiwania [1, ]
    • a
    • Tytuł (P)
    • Der Duden in 10 Bänden : das Standardwerk zur deutschen Sprache / hrsg. vom Wissenschaftlichen Rat der Dudenredaktion: Günther Drosdowski [et al.] ; Find
    • v
    • Numeracja (P)
    • Bd. 3
830 -Hasło dodatkowe serii i opisu książki wielotomowej - tytuł ujednolicony/tytuł [ ,0]
    • a
    • Tytuł ujednolicony/tytuł (NP)
    • Duden in 10 Bänden
    • v
    • Oznaczenie tomu (NP)
    • Bd. 3
    • 9
    • KHW
    • 428828
080 -Uniwersalna Klasyfikacja Dziesiętna [ , ]
    • a
    • Symbol klasyfikacji
    • 803.0(03)=30
655 -Hasło w funkcji tematu formalnego [ ,7]
    • a
    • Hasło
    • Słowniki obrazkowe niemieckie.
    • 2
    • Źródło terminu
    • kaba
    • 9
    • KHW
    • 150764
980 -Symbol UKD [ , ]
    • a
    • UKD
    • 803.0(03)=30
700 -Hasło dodatkowe - nazwa osobowa [1, ]
    • a
    • Nazwa osobowa (NP)
    • Solf, Kurt Dieter Find
    • d
    • Daty biograficzne (NP)
    • (1932- ).
    • e
    • Określenie rodzaju współpracy
    • Oprac.
    • 9
    • KHW
    • 38888
700 -Hasło dodatkowe - nazwa osobowa [1, ]
    • a
    • Nazwa osobowa (NP)
    • Schmidt, Joachim Find
    • c
    • Dopowiedzenie inne niż daty biograficzne (NP)
    • (filolog).
    • e
    • Określenie rodzaju współpracy
    • Oprac.
    • 9
    • KHW
    • 480718
710 -Hasło dodatkowe - nazwa ciała zbiorowego [2, ]
    • a
    • Nazwa ciała zbiorowego lub nazwa geograficzna jako pierwszy element (NP)
    • Bibliographisches Institut (Mannheim).
    • b
    • Nazwa jednostki podrzędnej (P)
    • Dudenredaktion.
    • 4
    • Kod relacji
    • pbl
    • 9
    • KHW
    • 404713
710 -Hasło dodatkowe - nazwa ciała zbiorowego [2, ]
    • a
    • Nazwa ciała zbiorowego lub nazwa geograficzna jako pierwszy element (NP)
    • Bibliographisches Institut (Mannheim).
    • 9
    • KHW
    • 414076
920 -ISBN [ , ]
    • a
    • ISBN
    • 3-411-00913-6 Find
Data inwentaryzacji Status udost. Lokalizacja Sygnatura Numer inwentarzowy
1998-09-071BGZ.51284Z.51307
1998-09-241BMGERM. Słowniki specj. 03G.14014
 1BM G.4431
 1BM G.6996